Felnőttképzési lehetőségek a hátrányos helyzetű családok körében

Bibliographic Details
Main Author: Gávrás Patrícia Sára
Other Authors: Farkas Dr. Julianna
Format: Thesis
Kulcsszavak:Felnőttképzés
Hátrányos helyzet
Gyermekek helyzete
Hátrányos helyzetű régiók
Online Access:http://dolgozattar.uni-bge.hu/21077

MARC

LEADER 00000nta a2200000 i 4500
001 dolg21077
005 20190904102708.0
008 190513suuuu hu om 000 hun d
040 |a BGE Dolgozattár Repozitórium  |b hun 
041 |a hu 
100 1 |a Gávrás Patrícia Sára 
245 1 0 |a Felnőttképzési lehetőségek a hátrányos helyzetű családok körében  |c Gávrás Patrícia Sára  |h [elektronikus dokumentum] 
246 1 1 |a Felnőttképzési lehetőségek a hátrányos helyzetű családok körében 
695 |a Felnőttképzés 
695 |a Hátrányos helyzet 
695 |a Gyermekek helyzete 
695 |a Hátrányos helyzetű régiók 
700 1 |a Farkas Dr. Julianna  |e ths 
856 4 0 |u http://dolgozattar.uni-bge.hu/21077/1/G%C3%81VR%C3%81S%20PATR%C3%8DCIA%20S%C3%81RA_ZQTR90_ANDR.pdf  |z Dokumentum-elérés